| 000 | 01051 a2200349 4500 | ||
|---|---|---|---|
| 003 | Nust | ||
| 005 | 20170207154028.0 | ||
| 010 | _a 2003066178 | ||
| 020 | _a0-19-514252-7 (ISE) | ||
| 020 | _a978-0-19-514252-5 (ISE) | ||
| 035 | _a13351982 | ||
| 040 | _cNust | ||
| 082 | 0 | 0 | _a621.381 |
| 100 | 1 | _aSedra, Adel S. | |
| 245 | 1 | 0 |
_aMicroelectronic circuits (E-Book) _cAdel S. Sedra, Kenneth C. Smith |
| 250 | _a5. ed. | ||
| 260 |
_aNew York : _bOxford University Press, _c2004 |
||
| 300 |
_axxx, 1283, [76] s. : _bill. + _e1 CD-ROM |
||
| 490 | 1 |
_aOxford series in electrical and computer engineering, _x99-0228836-7 |
|
| 500 | _aIncludes index | ||
| 650 | 0 | _aElectronic circuits | |
| 650 | 0 | _aElectronic circuits | |
| 650 | 0 | _aElektroniska kretsar | |
| 650 | 0 | _aIntegrated circuits | |
| 650 | 0 | _aIntegrated circuits | |
| 650 | 0 | _aIntegrerade kretsar | |
| 650 | 0 | _aMicroelectronics | |
| 650 | 0 | _aMikroelektronik | |
| 651 | _a(E-Book) | ||
| 700 | 1 | _aSmith, Kenneth Carless | |
| 830 | 0 | _aHRW series in electrical and computer engineering | |
| 942 |
_2ddc _cBK |
||
| 999 |
_c191973 _d191973 |
||